<The> Hybrid Phillips curve: empirical evidence from transition economies

Odhad novej keynesiánskej Phillipsovej krivky pre deväť tranzitívnych ekonomík. Schopnosť novej keynesiánskej Phillipsovej krivky vysvetliť dynamiku inflácie. Kvantifikácia inflačného očakávania spotrebiteľov pomocou metódy pravdepodobnosti. Použitie modelu DFE (Dynamic fixed effects model) pre hodn...

ver descrição completa

Na minha lista:
Detalhes bibliográficos
Autor principal: Basarac, Martina
Outros Autores: Škrabić, Blanka, Sorić, Petar
Formato: Capítulo de Livro
Idioma:inglês
Assuntos:
Tags: Adicionar Tag
Sem tags, seja o primeiro a adicionar uma tag!

MARC

LEADER 00000naa a2200000 4500
001 0136263
005 20231010115905.1
041 0 |a eng 
044 |a CZ 
245 1 0 |a <The> Hybrid Phillips curve: empirical evidence from transition economies  |c Martina Basarac, Blanka Škrabić, Petar Sorić 
520 |a Odhad novej keynesiánskej Phillipsovej krivky pre deväť tranzitívnych ekonomík. Schopnosť novej keynesiánskej Phillipsovej krivky vysvetliť dynamiku inflácie. Kvantifikácia inflačného očakávania spotrebiteľov pomocou metódy pravdepodobnosti. Použitie modelu DFE (Dynamic fixed effects model) pre hodnotenie hybridnej Phillipsovej krivky. Vzťah medzi infláciou, očakávanou infláciou a produkčnou medzerou. 
610 2 0 |a Phillipsova krivka 
610 2 0 |a krajiny tranzitívne 
610 2 0 |a inflácia 
610 2 0 |a inflácia očakávaná 
610 2 0 |a modely dynamické 
610 2 0 |a prieskum spotrebiteľský 
100 1 |a Basarac, Martina 
700 1 |a Škrabić, Blanka 
700 1 |a Sorić, Petar